[Event "City-ch"]
[Site "St Petersburg RUS"]
[Date "2003.04.22"]
[Round "7"]
[White "Shaposhnikov,E"]
[Black "Yevseev,D"]
[Result "0-1"]
[WhiteElo "2564"]
[BlackElo "2580"]
[EventDate "2003.04.16"]

1. e4 c6 2. d4 d5 3. Nd2 dxe4 4. Nxe4 Bf5 5. Nc5 e5 6. Nxb7 Qb6 7. Nc5 exd4
8. Nb3 Bb4+ 9. Bd2 Nf6 10. Qe2+ Be6 11. O-O-O Bxd2+ 12. Qxd2 c5 13. Qg5 O-O
14. Qxc5 Ne4 15. Qxb6 axb6 16. Nxd4 Nxf2 17. Nxe6 fxe6 18. Bc4 Nxh1 19. Nh3
Na6 20. Bxe6+ Kh8 21. Rxh1 Nc5 22. Bd5 Ra4 23. Re1 h6 24. a3 Rh4 25. b4 Nd7
26. Re4 Rxe4 27. Bxe4 Rf1+ 28. Kb2 g5 29. a4 g4 30. Bd3 Rf6 31. Ng1 Rf2 32.
g3 Rxh2 33. Ne2 Kg7 34. Nf4 Kf6 35. a5 bxa5 36. bxa5 Ke5 37. a6 Nb6 38. a7
Rh1 39. Be2 Rg1 40. Nh5 Re1 41. Bxg4 Re4 42. Bd7 Rc4 43. Kb3 Rc7 44. Bb5
Rxa7 45. Nf4 Nc8 46. Bd3 Nd6 47. Ng6+ Kd4 48. Nf4 Rb7+ 49. Ka4 Nc4 50. Bf1
Ne5 51. Ba6 Rb8 52. Ne2+ Kc5 0-1

[Event "City-ch"]
[Site "St Petersburg RUS"]
[Date "2003.04.22"]
[Round "7"]
[White "Ionov,S"]
[Black "Aseev,K"]
[Result "1/2-1/2"]
[WhiteElo "2541"]
[BlackElo "2539"]
[EventDate "2003.04.16"]

1. c4 c5 2. Nc3 Nc6 3. g3 g6 4. Bg2 Bg7 5. e3 e6 6. Nge2 Nge7 7. O-O O-O 8.
d4 cxd4 9. Nxd4 d5 10. cxd5 Nxd4 11. exd4 Nxd5 12. Nxd5 exd5 1/2-1/2

[Event "City-ch"]
[Site "St Petersburg RUS"]
[Date "2003.04.22"]
[Round "7"]
[White "Novikov,MiV"]
[Black "Klimov,S"]
[Result "0-1"]
[WhiteElo "2401"]
[BlackElo "2507"]
[EventDate "2003.04.16"]

1. d4 Nf6 2. c4 g6 3. Nc3 Bg7 4. e4 O-O 5. Be2 d6 6. Nf3 e5 7. O-O Nc6 8.
d5 Ne7 9. Nd2 a5 10. a3 Nd7 11. Rb1 f5 12. b4 Kh8 13. Bb2 Nf6 14. exf5 gxf5
15. f4 exf4 16. Rxf4 Ng6 17. Rf1 axb4 18. axb4 Bd7 19. Qc2 Ne5 20. h3 Qe8
21. Bd3 f4 22. Rbe1 f3 23. Nxf3 Nxf3+ 24. gxf3 Qh5 25. Rf2 Bxh3 26. Bf1 Ng4
27. fxg4 Qxg4+ 28. Kh1 Bxf1 29. Ne4 Bg2+ 30. Rxg2 Qh4+ 31. Kg1 Qxe1+ 32.
Kh2 Qh4+ 33. Kg1 Be5 34. Nf2 Rg8 0-1

[Event "City-ch"]
[Site "St Petersburg RUS"]
[Date "2003.04.22"]
[Round "7"]
[White "Popov,Val"]
[Black "Loginov,Va"]
[Result "1-0"]
[WhiteElo "2570"]
[BlackElo "2540"]
[EventDate "2003.04.16"]

1. d4 Nf6 2. c4 e6 3. Nc3 Bb4 4. Qc2 d5 5. cxd5 exd5 6. Bg5 h6 7. Bh4 c5 8.
dxc5 Nc6 9. e3 g5 10. Bg3 Ne4 11. Bb5 Qa5 12. Bxc6+ bxc6 13. Nge2 Bxc3+ 14.
Nxc3 Qxc5 15. Rc1 Nxc3 16. Be5 O-O 17. Bxc3 Ba6 18. h4 Rfe8 19. hxg5 d4 20.
Rxh6 dxc3 21. Qh7+ Kf8 22. Qh8+ Ke7 23. Qf6+ Kd7 24. Rxc3 Bc4 25. Rh4 1-0

[Event "City-ch"]
[Site "St Petersburg RUS"]
[Date "2003.04.22"]
[Round "7"]
[White "Praslov,A"]
[Black "Solozhenkin,E"]
[Result "0-1"]
[WhiteElo "2417"]
[BlackElo "2514"]
[EventDate "2003.04.16"]

1. d4 Nf6 2. c4 e6 3. Nf3 b6 4. Nc3 Bb4 5. Bg5 Bb7 6. Nd2 O-O 7. e3 h6 8.
Bh4 Re8 9. Qc2 c5 10. d5 Bxc3 11. bxc3 exd5 12. cxd5 Bxd5 13. O-O-O Bc6 14.
e4 g5 15. Bg3 Nxe4 16. Bd3 Nxg3 17. fxg3 d5 18. Rdf1 Nd7 19. Bh7+ Kh8 20.
Rxf7 Re7 21. Rhf1 Rxf7 22. Rxf7 Ne5 23. Rf1 Qe7 24. Bf5 Bb5 25. Rh1 Rf8 26.
g4 d4 27. h4 gxh4 28. g3 dxc3 29. Qxc3 Qg7 30. Qb3 Bd7 31. Bxd7 Nxd7 32.
Rxh4 Ne5 33. Qc3 Nf7 34. Qc4 Rd8 35. g5 Qxg5 36. Rf4 Ne5 37. Qc3 Qg7 38.
Kb1 Rd3 39. Qb2 Ng6 0-1

[Event "City-ch"]
[Site "St Petersburg RUS"]
[Date "2003.04.23"]
[Round "8"]
[White "Yevseev,D"]
[Black "Novikov,MiV"]
[Result "1/2-1/2"]
[WhiteElo "2580"]
[BlackElo "2401"]
[EventDate "2003.04.16"]

1. e4 c5 2. Nf3 e6 3. d4 cxd4 4. Nxd4 a6 5. Bd3 Nf6 6. O-O d6 7. c4 Be7 8.
b3 Qc7 9. Bb2 b6 10. Nc3 Bb7 11. Qe2 Nc6 12. Nxc6 Bxc6 13. Rae1 Bb7 14. f4
O-O 15. Kh1 Nd7 16. Qh5 Bf6 17. Qh3 g6 18. f5 Rae8 19. Bb1 Qc5 20. Na4 Qc7
21. Bxf6 Nxf6 22. Qh4 Kg7 23. Qf2 b5 24. cxb5 axb5 25. Rc1 Qa5 26. e5 dxe5
27. Nc5 Bd5 28. fxg6 fxg6 29. Qe2 Kg8 30. Kg1 Qb4 31. h3 Nh5 32. Ne4 Bxe4
33. Qxe4 Rxf1+ 34. Rxf1 Qxe4 35. Bxe4 Ng3 36. Re1 Nxe4 37. Rxe4 Ra8 38.
Rxe5 Rxa2 39. Rxb5 Ra7 1/2-1/2

[Event "City-ch"]
[Site "St Petersburg RUS"]
[Date "2003.04.23"]
[Round "8"]
[White "Solozhenkin,E"]
[Black "Ionov,S"]
[Result "1/2-1/2"]
[WhiteElo "2514"]
[BlackElo "2541"]
[EventDate "2003.04.16"]

1. d4 Nf6 2. c4 e6 3. Nf3 b6 4. Nc3 Bb7 5. a3 d5 6. cxd5 Nxd5 7. Qc2 Nxc3
8. bxc3 c5 9. e4 Nc6 10. Be3 cxd4 11. cxd4 Rc8 12. Qa4 Be7 13. Ne5 O-O 14.
Ba6 b5 15. Bxb5 Nxe5 16. dxe5 Bc5 17. Bxc5 1/2-1/2

[Event "City-ch"]
[Site "St Petersburg RUS"]
[Date "2003.04.23"]
[Round "8"]
[White "Loginov,Va"]
[Black "Praslov,A"]
[Result "1-0"]
[WhiteElo "2540"]
[BlackElo "2417"]
[EventDate "2003.04.16"]

1. Nf3 c5 2. g3 Nc6 3. c4 e5 4. Nc3 g6 5. Bg2 Bg7 6. a3 a5 7. O-O Nge7 8.
Ne1 d6 9. Nc2 h5 10. h4 Nd4 11. Nxd4 exd4 12. Ne4 O-O 13. d3 f5 14. Ng5 Be5
15. f4 Bf6 16. Bd2 Nc6 17. Rb1 Re8 18. Bf3 Qe7 19. Kg2 Kg7 20. Qc2 a4 21.
b3 axb3 22. Rxb3 Qc7 23. Rfb1 Ra6 24. Kf2 Re7 25. Qc1 Qd8 26. R1b2 Qc7 27.
Qh1 Kh6 28. Bd5 Nd8 29. Rb1 Nc6 30. Qd1 Nd8 31. Qh1 Nc6 32. Ra1 Qd8 33.
Nf7+ Rxf7 34. Bxf7 Kg7 35. Bd5 Qe7 36. a4 Qe8 37. Qb1 Ra7 38. Bf3 Kh6 39.
a5 Bd8 40. Rb5 Kh7 41. Qh1 Ra6 42. Ra2 Kh6 43. Qe1 Qd7 44. Kg2 b6 45. e4
dxe3 46. Bxe3 bxa5 47. Qa1 Kh7 48. Bf2 Nb4 49. Rd2 Nc6 50. Kh2 a4 51. Ra2
Na7 52. Rb1 d5 53. Bxd5 Bf6 54. d4 Nc6 55. Rxa4 1-0

[Event "City-ch"]
[Site "St Petersburg RUS"]
[Date "2003.04.23"]
[Round "8"]
[White "Lugovoi,A"]
[Black "Popov,Val"]
[Result "1/2-1/2"]
[WhiteElo "2563"]
[BlackElo "2570"]
[EventDate "2003.04.16"]

1. d4 d5 2. c4 c6 3. Nf3 Nf6 4. Nc3 dxc4 5. a4 Bf5 6. e3 e6 7. Bxc4 Nbd7 8.
O-O Bb4 9. Nh4 Bg6 10. h3 Qa5 11. Qb3 Nb6 12. Be2 O-O 13. Rd1 Rfd8 14. Nxg6
hxg6 15. Bf3 Rd7 16. e4 Rad8 17. Be3 Be7 18. Ne2 c5 19. Bd2 Qa6 20. a5 Qc4
21. Nc1 Qxb3 22. Nxb3 Nc4 23. Bc3 cxd4 24. Bxd4 b5 25. axb6 axb6 26. e5 Nd5
27. Be2 b5 28. g3 Nb4 29. Bc3 Nd3 30. Na5 Ncxb2 31. Bxb2 Nxb2 32. Rxd7 Rxd7
33. Bxb5 Rd2 34. Nc4 Nxc4 35. Bxc4 Bc5 36. Rf1 Bd4 37. Kg2 Rc2 38. Bd3 Rd2
39. Bc4 Bxe5 40. Re1 Bd6 41. h4 Rc2 42. Bb5 Kf8 43. Re2 Rc5 44. Bd3 Rc3 45.
Be4 Ke7 46. Ra2 f5 47. Bf3 e5 48. Ra7+ Kf6 49. Bd5 e4 50. Ra6 Ke5 51. Bf7
Rc7 52. Ra5+ Kf6 53. Ra6 Rd7 54. Be8 Rd8 55. Rb6 g5 56. hxg5+ Kxg5 57. Ra6
g6 58. Rb6 Kf6 59. Ra6 g5 60. Bc6 g4 61. Ba4 Kg5 62. Bb3 Be5 63. Ra5 Bc3
64. Rc5 Bd4 65. Rd5 Rb8 66. Rxd4 Rxb3 67. Rd6 Rd3 68. Ra6 Rd8 69. Kf1 Rf8
70. Ke2 Rf6 71. Ra7 Rb6 72. Ra8 1/2-1/2

[Event "City-ch"]
[Site "St Petersburg RUS"]
[Date "2003.04.23"]
[Round "8"]
[White "Sergeev,Ve"]
[Black "Ivanov,Se"]
[Result "1/2-1/2"]
[WhiteElo "2426"]
[BlackElo "2557"]
[EventDate "2003.04.16"]

1. d4 Nf6 2. c4 e6 3. Nc3 Bb4 4. Qc2 O-O 5. a3 Bxc3+ 6. Qxc3 Ne4 7. Qc2 f5
8. e3 b6 9. Nf3 Bb7 10. b3 d6 11. Bb2 Nd7 12. Bd3 Qe7 13. O-O c5 14. Nd2
Nxd2 15. Qxd2 Qg5 16. f3 cxd4 17. Bxd4 e5 18. Bb2 Nc5 19. Bc2 Rad8 20. b4
Ne6 21. f4 Qg4 22. Bb3 Kh8 23. Rf2 Be4 24. Re1 h6 25. Qc1 Rfe8 26. Bd1 Qg6
27. Bc2 exf4 28. Bxe4 fxe4 29. exf4 Qf5 30. Qe3 Nc7 31. g4 Qf7 32. f5 Kh7
33. g5 hxg5 34. Qxg5 d5 35. Re3 d4 36. Rh3+ Kg8 37. Rg2 Rd6 38. Qh4 Kf8 39.
Qf4 Ke7 40. Bxd4 Rxd4 41. Qxc7+ Rd7 42. Qe5+ Kd8 43. Qb8+ Ke7 44. Qe5+ Kd8
45. Qb8+ Ke7 46. Qe5+ 1/2-1/2

[Event "City-ch"]
[Site "St Petersburg RUS"]
[Date "2003.04.23"]
[Round "8"]
[White "Aseev,K"]
[Black "Shaposhnikov,E"]
[Result "1/2-1/2"]
[WhiteElo "2539"]
[BlackElo "2564"]
[EventDate "2003.04.16"]

1. Nf3 c5 2. c4 Nc6 3. g3 g6 4. d4 cxd4 5. Nxd4 Bg7 6. Nc2 d6 7. Ne3 Be6 8.
Bg2 Nf6 9. Nc3 O-O 10. Bd2 Qd7 11. h3 Rab8 12. Rc1 Rfc8 13. b3 a6 14. Ncd5
b5 15. Nf4 bxc4 16. Nxe6 Qxe6 17. Rxc4 d5 18. Ra4 Ne5 19. O-O Ned7 20. Bb4
Nc5 21. Bxc5 Rxc5 22. Qd3 a5 23. Rd1 Qc8 24. Nxd5 Nxd5 25. Bxd5 Qxh3 26.
Qe3 Rbc8 27. Rc4 Rxc4 28. Bxc4 Bf6 29. Qf3 h5 1/2-1/2

[Event "City-ch"]
[Site "St Petersburg RUS"]
[Date "2003.04.24"]
[Round "9"]
[White "Shaposhnikov,E"]
[Black "Solozhenkin,E"]
[Result "1/2-1/2"]
[WhiteElo "2564"]
[BlackElo "2514"]
[EventDate "2003.04.16"]

1. e4 c6 2. d4 d5 3. Nc3 dxe4 4. Nxe4 Bf5 5. Ng3 Bg6 6. Nf3 e6 7. h4 h6 8.
Ne5 Bh7 9. Bd3 Bxd3 10. Qxd3 Nf6 11. Bd2 Be7 12. O-O-O O-O 13. f4 c5 14.
dxc5 Qc7 15. Ne4 Rd8 16. Qf3 Nxe4 17. Qxe4 Bxc5 18. g4 Rd4 19. Qe2 Nc6 20.
g5 Nxe5 21. fxe5 h5 22. Qxh5 Qxe5 23. Bc3 Rxd1+ 24. Qxd1 Qc7 25. g6 fxg6
26. h5 Rd8 27. Qg4 gxh5 28. Qxh5 Be3+ 29. Kb1 Bh6 30. a3 Qf7 31. Qe5 Kh7
32. Qe4+ Kg8 33. b3 Rd5 34. Kb2 a6 35. a4 Qf5 36. Qc4 Rc5 37. Qh4 e5 38.
Qe7 Rxc3 39. Qd8+ Kh7 40. Kxc3 e4 41. Rd1 Bg5 42. Rh1+ Bh6 43. Rd1 Bg5
1/2-1/2

[Event "City-ch"]
[Site "St Petersburg RUS"]
[Date "2003.04.24"]
[Round "9"]
[White "Ionov,S"]
[Black "Loginov,Va"]
[Result "1-0"]
[WhiteElo "2541"]
[BlackElo "2540"]
[EventDate "2003.04.16"]

1. d4 Nf6 2. c4 e6 3. Nf3 Bb4+ 4. Nbd2 b6 5. a3 Bxd2+ 6. Qxd2 Bb7 7. e3 O-O
8. Be2 d6 9. O-O Nbd7 10. b4 Ne4 11. Qc2 f5 12. Bb2 c5 13. Rad1 Qe7 14.
dxc5 bxc5 15. Nd2 Qg5 16. f4 Qe7 17. Nxe4 Bxe4 18. Qd2 d5 19. cxd5 Bxd5 20.
b5 Nb6 21. Be5 Rfd8 22. Qc1 Rac8 23. Rd2 c4 24. Qa1 Na4 25. Rc1 Qb7 26.
Bxc4 Bxc4 27. Rxd8+ Rxd8 28. Rxc4 Rd2 29. Qf1 Nb6 30. Rd4 Ra2 31. e4 h6 32.
Qb1 Re2 33. Qb3 Qf7 34. exf5 Qxf5 35. h3 Nd5 36. Qd3 Re1+ 37. Kh2 Qxd3 38.
Rxd3 g5 39. Bb8 Rb1 40. fxg5 Rxb5 41. Bxa7 hxg5 42. Rg3 Nf6 43. a4 Ra5 44.
Bb6 Rxa4 45. Rxg5+ Kf7 46. Bc7 Nd5 47. Be5 Re4 48. Kg3 Ne7 49. Kf3 Ra4 50.
Rg7+ Kf8 51. Rg4 Ra3+ 52. Kf2 Nf5 53. Rb4 Kf7 54. Re4 Ra2+ 55. Re2 Ra3 56.
g3 Rd3 57. Bf4 Rb3 58. Kg2 Rb4 59. Rf2 Rb3 60. h4 Kg6 61. Re2 Rb6 62. Kh3
Ra6 63. Kg4 Ng7 64. Re5 Kf6 65. h5 Nf5 66. Re4 Ra3 67. Be5+ Kf7 68. Bf4 Ra1
69. Rb4 Rg1 70. Be5 Kg8 71. Rb8+ Kf7 72. Rb7+ Kg8 73. Bf4 Kf8 74. Rb3 Nd4
75. Rb8+ Ke7 76. h6 Rh1 77. h7 1-0

[Event "City-ch"]
[Site "St Petersburg RUS"]
[Date "2003.04.24"]
[Round "9"]
[White "Novikov,MiV"]
[Black "Aseev,K"]
[Result "1-0"]
[WhiteElo "2401"]
[BlackElo "2539"]
[EventDate "2003.04.16"]

1. d4 Nf6 2. c4 e6 3. g3 Bb4+ 4. Bd2 Be7 5. Bg2 d5 6. Nf3 O-O 7. O-O c6 8.
Qc2 b6 9. Bf4 Ba6 10. Nbd2 Nbd7 11. Rfd1 Rc8 12. Rac1 Nh5 13. Ne5 Nxf4 14.
gxf4 Nxe5 15. dxe5 Bb4 16. b3 Qe7 17. Nf3 g6 18. e3 Rfd8 19. Nd4 c5 20. Nf3
dxc4 21. bxc4 b5 22. Ng5 bxc4 23. Ne4 Rd3 24. Bf1 Rcd8 25. Qa4 Bb5 26. Qc2
Kg7 27. Nd6 R8xd6 28. exd6 Qxd6 29. a3 Bc6 30. Bxd3 cxd3 31. Qxd3 Qe7 32.
axb4 Qh4 33. e4 Qxf4 34. f3 1-0

[Event "City-ch"]
[Site "St Petersburg RUS"]
[Date "2003.04.25"]
[Round "10"]
[White "Loginov,Va"]
[Black "Shaposhnikov,E"]
[Result "1/2-1/2"]
[WhiteElo "2540"]
[BlackElo "2564"]
[EventDate "2003.04.16"]

1. Nf3 Nf6 2. g3 d5 3. Bg2 c6 4. O-O Bg4 5. c4 e6 6. d3 Be7 7. cxd5 Bxf3 8.
Bxf3 cxd5 9. Nc3 Nc6 10. Bd2 O-O 11. Bg2 Qd7 12. a3 Rfc8 13. b4 Nd4 14. e3
Nb5 15. Nxb5 Qxb5 16. Qb3 a5 17. a4 Qb6 18. b5 Nd7 19. Ra2 Rc7 20. e4 dxe4
21. dxe4 Bc5 22. Kh1 Nf6 23. h3 Bxf2 24. Bf4 Bd4 25. Bxc7 Qxc7 26. Rc2 Qe5
27. Qf3 g5 1/2-1/2

[Event "City-ch"]
[Site "St Petersburg RUS"]
[Date "2003.04.25"]
[Round "10"]
[White "Lugovoi,A"]
[Black "Ionov,S"]
[Result "1/2-1/2"]
[WhiteElo "2563"]
[BlackElo "2541"]
[EventDate "2003.04.16"]

1. d4 Nf6 2. c4 e6 3. Nc3 Bb4 4. e3 c5 5. Bd3 Nc6 6. Nf3 Bxc3+ 7. bxc3 d6
8. e4 e5 9. h3 h6 10. d5 Ne7 11. Nd2 O-O 12. Nf1 Ne8 13. Ne3 f5 14. exf5
Nxf5 15. Nxf5 Bxf5 16. Bxf5 Rxf5 17. Qg4 Qf6 18. Be3 Qf7 19. O-O 1/2-1/2

[Event "City-ch"]
[Site "St Petersburg RUS"]
[Date "2003.04.25"]
[Round "10"]
[White "Sergeev,Ve"]
[Black "Praslov,A"]
[Result "1/2-1/2"]
[WhiteElo "2426"]
[BlackElo "2417"]
[EventDate "2003.04.16"]

1. d4 d5 2. Nf3 Nf6 3. c4 dxc4 4. Qa4+ Nc6 5. Nc3 Nd5 6. Qxc4 Ndb4 7. Qb3
e5 8. dxe5 Be6 9. Qa4 Bd7 10. Qb3 Be6 11. Qa4 Bd7 12. Qb3 1/2-1/2

[Event "City-ch"]
[Site "St Petersburg RUS"]
[Date "2003.04.26"]
[Round "11"]
[White "Klimov,S"]
[Black "Solozhenkin,E"]
[Result "1-0"]
[WhiteElo "2507"]
[BlackElo "2514"]
[EventDate "2003.04.16"]

1. d4 Nf6 2. c4 e6 3. Nc3 Bb4 4. e3 O-O 5. Bd3 d5 6. Nf3 c5 7. O-O dxc4 8.
Bxc4 Nbd7 9. Qe2 cxd4 10. exd4 Nb6 11. Bb3 Bd7 12. Bg5 Bc6 13. Rad1 Be7 14.
Ne5 Bd5 15. Bc2 Rc8 16. Rfe1 Nfd7 17. Qh5 g6 18. Nxg6 fxg6 19. Bxg6 hxg6
20. Qxg6+ Kh8 21. Qh6+ Kg8 22. Qg6+ Kh8 23. Rd3 Rxc3 24. bxc3 Bxg5 25. Rh3+
Bh4 26. Qh6+ Kg8 27. Qg6+ Kh8 28. Ree3 Qe7 29. Reg3 Nf6 30. Rxh4+ Nh7 31.
Rhg4 e5 32. dxe5 Qxe5 33. Qxh7+ 1-0

[Event "City-ch"]
[Site "St Petersburg RUS"]
[Date "2003.04.26"]
[Round "11"]
[White "Novikov,MiV"]
[Black "Loginov,Va"]
[Result "1/2-1/2"]
[WhiteElo "2401"]
[BlackElo "2540"]
[EventDate "2003.04.16"]

1. d4 Nf6 2. c4 e6 3. Nf3 b6 4. g3 Bb7 5. Bg2 Be7 6. O-O O-O 7. Nc3 Na6 8.
b3 d5 9. Ne5 h6 10. Bb2 c5 11. Rc1 Re8 12. e3 Bf8 13. Qe2 Qc8 14. dxc5 bxc5
15. Rfd1 dxc4 16. Nxc4 Bxg2 17. Kxg2 Nb4 18. Ba3 Qa6 19. Rd2 Rac8 20. Qf3
Nbd5 21. Bb2 Nb6 22. Nd6 Bxd6 23. Rxd6 Re7 24. Na4 Nfd7 25. Rcd1 Rc7 26.
Kg1 Qb7 27. Qg4 f5 28. Qh4 Nc8 29. R6d2 Kh7 30. Qh3 c4 31. Qg2 cxb3 32.
Qxb7 Rxb7 33. axb3 Ncb6 34. Ba3 Re8 35. Nxb6 Nxb6 36. Rd6 Nd5 37. Bc5 Rxb3
38. Rd7 Nf6 39. Rxa7 Kg6 40. h3 Rb5 41. Ba3 Nd5 42. Rd2 Reb8 43. Bd6 R8b7
44. Rxb7 Rxb7 45. Be5 Kf7 46. Ra2 Ne7 47. Ra6 Nd5 48. Ra4 Nb4 49. Kf1 Nd3
50. Ra5 g5 51. g4 Rb1+ 52. Kg2 Rd1 53. gxf5 exf5 54. Bc3 f4 55. Kf3 Rc1 56.
Bd4 Rc2 57. exf4 Nxf4 58. h4 Ne6 59. Be3 Kf6 60. hxg5+ hxg5 61. Ra6 1/2-1/2

[Event "City-ch"]
[Site "St Petersburg RUS"]
[Date "2003.04.26"]
[Round "11"]
[White "Ionov,S"]
[Black "Sergeev,Ve"]
[Result "1/2-1/2"]
[WhiteElo "2541"]
[BlackElo "2426"]
[EventDate "2003.04.16"]

1. d4 Nf6 2. c4 c5 3. d5 b5 4. cxb5 a6 5. bxa6 Bxa6 6. g3 d6 7. Bg2 g6 8.
Bd2 Bg7 9. Bc3 O-O 10. Nh3 Nbd7 11. O-O Qb6 12. Nd2 Rfb8 13. Nf4 Ne8 14.
Bxg7 Kxg7 15. b3 Ne5 16. Qc2 Nf6 17. Rfe1 c4 18. bxc4 Rc8 19. Reb1 Qa5 20.
Nb3 Qa4 21. Nd4 Bxc4 22. Qd2 Qa5 23. Qxa5 Rxa5 24. Rc1 Rca8 25. Nc6 Rxa2
26. Rxa2 Rxa2 27. Nxe5 1/2-1/2

[Event "City-ch"]
[Site "St Petersburg RUS"]
[Date "2003.04.26"]
[Round "11"]
[White "Praslov,A"]
[Black "Ivanov,Se"]
[Result "1/2-1/2"]
[WhiteElo "2417"]
[BlackElo "2557"]
[EventDate "2003.04.16"]

1. e4 c5 2. Nf3 Nc6 3. Bb5 d6 4. d4 cxd4 5. Qxd4 Bd7 6. Bxc6 Bxc6 7. Nc3
Nf6 8. Bg5 e6 9. O-O-O Be7 10. Rhe1 O-O 11. Qd2 Qc7 12. Nd4 Rfd8 13. h4
Rab8 14. f4 b5 15. e5 dxe5 16. fxe5 Bc5 17. Nce2 Rd5 18. exf6 e5 19. fxg7
Bxd4 20. Nxd4 Rxd4 21. Qf2 Rxd1+ 22. Rxd1 Be4 23. Bh6 Qc6 24. Qd2 Re8 25.
c3 Bd3 26. Qxd3 Qxh6+ 27. Rd2 a6 28. Qd6 Qf4 29. Kc2 Kxg7 30. Qxa6 b4 31.
Qc6 bxc3 32. Qxc3 Qf5+ 33. Qd3 Rc8+ 34. Kd1 e4 35. Qg3+ Kh8 36. Qf2 Qg4+
37. Re2 Qd7+ 38. Rd2 Qg4+ 39. Re2 Rd8+ 40. Ke1 f5 41. Rd2 Re8 42. Qd4+ Kg8
43. Qc4+ Kf8 44. Qb4+ Kg8 45. Qb3+ Kf8 46. Qb4+ Kg8 47. Qc4+ Kf8 48. Qc5+
Kg8 49. Qd5+ Kh8 50. Qd4+ Kg8 51. Rf2 Rf8 52. Qd5+ Kg7 53. Qe5+ Kg6 54. g3
Qh3 55. Qf4 Rf6 56. Ke2 h6 57. Qb8 Qg4+ 58. Ke1 Kg7 59. Qc7+ Kg6 60. Qf4
Qh3 61. Qb8 Kg7 62. Qc7+ 1/2-1/2

[Event "City-ch"]
[Site "St Petersburg RUS"]
[Date "2003.04.26"]
[Round "11"]
[White "Yevseev,D"]
[Black "Aseev,K"]
[Result "1-0"]
[WhiteElo "2580"]
[BlackElo "2539"]
[EventDate "2003.04.16"]

1. d4 Nf6 2. c4 e6 3. g3 Bb4+ 4. Bd2 Bxd2+ 5. Qxd2 d5 6. Bg2 O-O 7. Nf3 Qe7
8. O-O Rd8 9. Rc1 b6 10. cxd5 exd5 11. Qf4 c6 12. Ne5 Bb7 13. Nd2 Nfd7 14.
Ndf3 Nxe5 15. Qxe5 Qf8 16. Qc7 Rd7 17. Qf4 f6 18. Rc3 Na6 19. a3 Re8 20.
Qd2 Nc7 21. e3 Nb5 22. Rc2 Nd6 23. Ne1 Ne4 24. Qb4 Qf7 25. Nd3 h5 26. Qb3
h4 27. a4 hxg3 28. hxg3 g5 29. a5 b5 30. a6 Ba8 31. Nb4 Qh5 32. Nxc6 Kg7
33. Nb4 Rh8 34. Rac1 Kg6 35. Qd3 Rdh7 36. Qd1 g4 37. Kf1 Ng5 38. Qd3+ f5
39. Nc6 Bxc6 40. Rxc6+ Kg7 41. Qxf5 1-0

[Event "City-ch"]
[Site "St Petersburg RUS"]
[Date "2003.04.27"]
[Round "12"]
[White "Lugovoi,A"]
[Black "Novikov,MiV"]
[Result "1-0"]
[WhiteElo "2563"]
[BlackElo "2401"]
[EventDate "2003.04.16"]

1. d4 Nf6 2. c4 e6 3. Nc3 Bb4 4. e3 d5 5. Bd3 c5 6. Nf3 Nc6 7. O-O O-O 8.
a3 Bxc3 9. bxc3 Qc7 10. Qc2 dxc4 11. Bxc4 e5 12. Bd3 Bg4 13. Nxe5 Nxe5 14.
dxe5 Qxe5 15. f3 Bd7 16. a4 Bc6 17. e4 Rfd8 18. Kh1 Rd7 19. Be3 Rad8 20.
Bc4 h6 21. a5 Ne8 22. Rfe1 Nd6 23. Bf1 Bb5 24. c4 Bc6 25. Qf2 b6 26. axb6
axb6 27. Rab1 Nc8 28. Kg1 Ba4 29. Qb2 Qe6 30. Ra1 Bd1 31. Ra8 Qc6 32. Ra1
Qe6 33. Qc3 Qc6 34. Rc1 Qa4 35. Qa1 Qxa1 36. Rxa1 Bc2 37. Ra8 Kf8 38. Rc1
Bb3 39. Kf2 Ke8 40. Be2 Nd6 41. Ra3 1-0

[Event "City-ch"]
[Site "St Petersburg RUS"]
[Date "2003.04.27"]
[Round "12"]
[White "Loginov,Va"]
[Black "Klimov,S"]
[Result "1/2-1/2"]
[WhiteElo "2540"]
[BlackElo "2507"]
[EventDate "2003.04.16"]

1. Nf3 Nf6 2. g3 d5 3. Bg2 c5 4. O-O g6 5. d4 cxd4 6. Nxd4 Bg7 7. c4 O-O 8.
cxd5 Nxd5 9. Nc3 Nxc3 10. bxc3 Nc6 11. Nxc6 bxc6 12. Qxd8 Rxd8 13. Bxc6
Bxc3 14. Rb1 Bf5 15. Rb3 Rac8 16. Rxc3 Rd6 17. Ba3 Rdxc6 18. Re3 Re6 19.
Bxe7 Rxe3 20. fxe3 Rb8 21. Rf4 Bh3 22. Kf2 Rb1 23. g4 Rf1+ 24. Kg3 Rxf4 25.
exf4 Bf1 26. Kf2 Bh3 27. g5 Kg7 28. Ke3 h6 29. Bf6+ Kh7 30. Kd4 hxg5 31.
Bxg5 f5 32. e3 1/2-1/2

[Event "City-ch"]
[Site "St Petersburg RUS"]
[Date "2003.04.27"]
[Round "12"]
[White "Sergeev,Ve"]
[Black "Shaposhnikov,E"]
[Result "0-1"]
[WhiteElo "2426"]
[BlackElo "2564"]
[EventDate "2003.04.16"]

1. d4 Nf6 2. c4 e6 3. Nc3 Bb4 4. e3 c5 5. Bd3 Nc6 6. Nf3 Bxc3+ 7. bxc3 d6
8. e4 e5 9. h3 h6 10. d5 Ne7 11. Nd2 Qa5 12. Qc2 Bd7 13. Nf1 Nh5 14. g3
O-O-O 15. Ne3 g6 16. Bd2 Rdf8 17. Qd1 Ng7 18. f4 Nh5 19. fxe5 dxe5 20. d6
Nc6 21. Qf3 Be6 22. Nd5 Qd8 23. g4 Ng7 24. Be3 Qxd6 25. Qf2 b6 26. O-O-O
Na5 27. Qd2 g5 28. Be2 Kb7 29. Qb2 Qc6 30. Qa3 Ne8 31. Kc2 Nd6 32. Rb1
Ndxc4 33. Qxc5 Bxd5 34. exd5 Qa4+ 35. Kc1 Rc8 36. Qb4 Qxb4 0-1

[Event "City-ch"]
[Site "St Petersburg RUS"]
[Date "2003.04.27"]
[Round "12"]
[White "Ivanov,Se"]
[Black "Ionov,S"]
[Result "1/2-1/2"]
[WhiteElo "2557"]
[BlackElo "2541"]
[EventDate "2003.04.16"]

1. d4 Nf6 2. c4 e6 3. Nc3 Bb4 4. Qc2 O-O 5. Nf3 c5 6. dxc5 Na6 7. Bd2 Nxc5
8. a3 Bxc3 9. Bxc3 Nce4 10. e3 Nxc3 11. Qxc3 b6 1/2-1/2

[Event "City-ch"]
[Site "St Petersburg RUS"]
[Date "2003.04.27"]
[Round "12"]
[White "Popov,Val"]
[Black "Praslov,A"]
[Result "1-0"]
[WhiteElo "2570"]
[BlackElo "2417"]
[EventDate "2003.04.16"]

1. e4 e6 2. d4 d5 3. Nd2 c5 4. exd5 exd5 5. Bb5+ Bd7 6. Qe2+ Qe7 7. Bxd7+
Nxd7 8. dxc5 Qxe2+ 9. Nxe2 Bxc5 10. Nb3 Bb6 11. Bd2 Ngf6 12. Bc3 O-O-O 13.
f3 Rhe8 14. Bd4 Bxd4 15. Nbxd4 Ne5 16. Kf2 Nc4 17. b3 Nb6 18. g4 g6 19.
Rad1 a6 20. Nf4 h6 21. Rd2 Rd7 22. a4 Kc7 23. h4 Re5 24. h5 gxh5 25. Nxh5
Nxh5 26. Rxh5 Rxh5 27. gxh5 Rd6 28. a5 Nc8 29. Nf5 Rc6 30. Kg3 Rf6 31. Rxd5
Na7 32. Nd4 Nc6 33. Rf5 Rxf5 34. Nxf5 Kd7 35. Nxh6 Ke6 36. Kf4 Nxa5 37. Kg5
Ke7 38. Nf5+ Kf8 39. Kf6 Nc6 40. h6 Kg8 41. Ne7+ 1-0

[Event "City-ch"]
[Site "St Petersburg RUS"]
[Date "2003.04.28"]
[Round "13"]
[White "Yevseev,D"]
[Black "Loginov,Va"]
[Result "1/2-1/2"]
[WhiteElo "2580"]
[BlackElo "2540"]
[EventDate "2003.04.16"]

1. d4 Nf6 2. c4 e6 3. g3 Bb4+ 4. Bd2 Qe7 5. Nf3 Nc6 6. Nc3 Bxc3 7. Bxc3 Ne4
8. Rc1 O-O 9. Bg2 d6 10. d5 Nd8 11. Nd2 Nxc3 12. Rxc3 e5 13. c5 Bd7 14.
cxd6 cxd6 15. O-O b6 16. Qc2 Nb7 17. b4 Rfc8 18. Rc1 Rxc3 19. Qxc3 Rc8 20.
Qa3 Rxc1+ 21. Qxc1 Qd8 1/2-1/2

[Event "City-ch"]
[Site "St Petersburg RUS"]
[Date "2003.04.28"]
[Round "13"]
[White "Klimov,S"]
[Black "Lugovoi,A"]
[Result "1/2-1/2"]
[WhiteElo "2507"]
[BlackElo "2563"]
[EventDate "2003.04.16"]

1. e4 c5 2. Nf3 d6 3. d4 cxd4 4. Nxd4 Nf6 5. Nc3 Nc6 6. Bg5 e6 7. Qd2 Be7
8. O-O-O O-O 9. f4 Nxd4 10. Qxd4 Qa5 11. Bc4 Bd7 12. e5 dxe5 13. fxe5 Bc6
14. Bd2 Nd7 15. Nd5 Qd8 16. Nxe7+ Qxe7 17. Rhe1 Rfd8 18. Qg4 Nf8 19. Bd3
Rd5 20. Bb4 Qd8 21. Bd6 Ng6 22. Bc4 Rxd1+ 23. Rxd1 Qa5 24. Qg3 Qa4 25. b3
Qxa2 26. Qc3 b5 27. Bxe6 fxe6 1/2-1/2

[Event "City-ch"]
[Site "St Petersburg RUS"]
[Date "2003.04.28"]
[Round "13"]
[White "Shaposhnikov,E"]
[Black "Ivanov,Se"]
[Result "1/2-1/2"]
[WhiteElo "2564"]
[BlackElo "2557"]
[EventDate "2003.04.16"]

1. e4 e6 2. d3 d5 3. Nd2 c5 4. Qe2 Nc6 5. Ngf3 Nf6 6. g3 g6 7. Bg2 Bg7 8.
O-O O-O 9. Nb3 b6 10. e5 Nd7 11. Bf4 Bb7 12. Rfe1 f6 13. d4 fxe5 14. dxe5
h6 15. h4 Ne7 16. Nh2 Nf5 17. Qd2 Qc7 18. Ng4 Kh7 19. Rad1 Rae8 20. c4 h5
21. Nh2 dxc4 22. Bxb7 Qxb7 23. Qxd7 Qxd7 24. Rxd7 cxb3 25. axb3 Re7 26.
Red1 Rxd7 27. Rxd7 Nd4 28. Kg2 Kg8 29. Rxa7 Rf5 30. Rb7 Bxe5 31. Bxe5 Rxe5
32. Rxb6 Re2 33. b4 c4 34. Rb8+ Kg7 35. Rc8 Rxb2 36. Rxc4 Nc2 37. Rc3 Nxb4
38. Re3 Kf6 39. Nf3 Nd5 40. Re1 Rb4 41. Ng5 e5 42. Rd1 Rd4 43. Rc1 e4 44.
Rc6+ Kf5 45. Nf7 Nf6 46. Nd6+ Ke5 47. Nc4+ Kf5 48. Ne3+ Ke5 49. Nc4+ Kf5
50. Ne3+ Ke5 51. Kf1 Ra4 52. Nc4+ Kf5 53. Ne3+ Ke5 54. Nc4+ Kf5 55. Rc5+
Ke6 56. Re5+ Kf7 57. Nd6+ Kg7 58. Re7+ Kg8 59. Kg2 Rd4 60. Re6 Kg7 61. Re7+
Kg8 62. Re6 1/2-1/2